Biblioteca

Pedro Martínez : Un campesino mexicano y su familia / Oscar Lewis (Registro nro. 40600)

Detalles MARC
000 -LÍDER
Campo fijo de descripción fija 004480000a22001570004500
041 0# - CÓDIGO DE IDIOMA
Código de idioma para texto/pista de sonido o título separado
082 04 - NÚMERO DE CLASIFICACIÓN DECIMAL DEWEY
Número de clasificación G 908 L6731p
001 - NÚMERO DE CONTROL
Campo de control 11241
100 1# - ASIENTO PRINCIPAL--NOMBRE PERSONAL
Nombre personal Lewis, Oscar (1914-1970)
245 10 - TÍTULO
Título del Material Pedro Martínez : Un campesino mexicano y su familia / Oscar Lewis
250 ## - MENCIÓN DE EDICIÓN
Mención de edición 2
260 ## - PUBLICACIÓN, DISTRIBUCIÓN, ETC. (PIE DE IMPRENTA)
Lugar de publicación, distribución, etc. México, D.F., México : J. Mortiz
300 ## - DESCRIPCIÓN FÍSICA
Extensión XLI, 459 Pag
500 ## - NOTA GENERAL
Nota General Título original : Pedro Martínez. A mexican peasant and his family
942 ## - TIPO DE MATERIAL (KOHA)
Tipo de Item KOHA Libros General
Existencias
Estado de Material Estado de Perdido Estado de Dañado No para Préstamo Colección Tomo Biblioteca de Origen Biblioteca Permanente Fecha de Adquisición Total de Préstamos Signatura Topográfica Código de Barras Última vez visto Ejemplar/Existencia Fecha de Remplazo Tipo de Material
        Colección General   Biblioteca FUSBC Biblioteca FUSBC 26/01/2005   G 908 L6731p 10552 12/12/2019 1 26/01/2016 Libros General

Biblioteca FUSBC | Teléfono: (57+4) 349 88 10 Ext. 141| WhatsApp (+57) 3005338115 
E-mail: biblioteca@unisbc.edu.co | Calle 76 87-14 Robledo Palenque, Medellín, Colombia

Con tecnología Koha